000 01479nam1a2200361 i 4500
001 RU\NLR\BIBL_A\016349463
005 20260406145356.0
010 _a9785091023961
_9200
035 _a(NLR Aleph) 016349463
090 _a13116167
_c13116167
100 _a20230419d2023 d y0rusy50 ca
101 0 _arus
_afre
102 _aRU
105 _a||||j||||||||
181 0 _ai
_baxxe
182 0 _an
200 1 _aФранцузский язык
_e4 класс
_eучебник
_eв двух частях
_fА. С. Кулигина
203 _aТекст
_bвизуальный
_cнепосредственный
205 _a9-е изд., перераб.
210 _aМосква
_cПросвещение
_d2023
215 _d26
225 1 _aТвой друг французский язык
225 1 _aФГОС
300 _aОбл. на фр. яз.: Le français c'est super!: 4: méthode de français / A. Kouliguina
512 1 _6z73790
_aLe français c'est super!
_e4
_eméthode de français
606 _aФранцузский язык
_jУчебники для начальной школы
_91524672
_3RU\NLR\AUTH\66964829
686 3 _aШ147.11-93рус21[4]
700 1 _8rus
_7ca
_aКулигина
_bА. С.
_gАнтонина Степановна
_3RU\NLR\AUTH\774608
_9114585
790 1 _8rus
_7ba
_aKuligina
_bA. S.
_gAntonina Stepanovna
_3RU\NLR\AUTH\774609
_9114586
852 _aNLR
_j2023-7/2235
942 _cBOOK